| 000 | 00748nam a22001937a 4500 | ||
|---|---|---|---|
| 003 | BD-DhUL | ||
| 005 | 20180308093809.0 | ||
| 008 | 180308s1882 ii ||||| |||| 00| 0 ben | | ||
| 040 |
_aBD-DhUL _cBD-DhUL |
||
| 082 |
_a891.443 _bBAD |
||
| 100 | 1 | _aমুখোপাধ্যায়, বলাই চাঁদ | |
| 245 | 0 | 0 |
_aদুই পথিক / _cবলাই চাঁদ মুখোপাধ্যায় (বনফুল) |
| 250 | _a১ম সং. | ||
| 260 |
_aকলকাতা : _bইন্ডিয়ান অ্যাসোসিয়েটেড, _c১৮৮২। |
||
| 300 |
_a৯৬ পৃ. ; _c২২ সেমি. |
||
| 650 | 4 | _aবাংলা উপন্যাস | |
| 651 | _aBengali fiction | ||
| 942 |
_2ddc _cBK |
||
| 999 |
_c239045 _d239045 |
||